• 首页
  • 本馆介绍
  • 公告通知
  • 最新文献
  • 馆藏检索
  • 电子资源
  • 读者导购
  • 参考咨询
  • 我的图书馆
  • 登录
  • 详细信息显示
  • 放入我的书架
  • 预约/预借图书
  • 作者相关作品
  • 分类相关作品
  • 丛书相关作品
  • 出版社相关作品

书目信息

  • 表格格式
  • 工作单格式
  • 卡片格式
题名:
金融与保险精算数学
    
 
作者: 陈伟森 , 谢耀权 著 ;庄新田 , 苑莹 译
分册:  
出版信息: 北京   机械工业出版社  2009
页数: 276页
开本: 26cm
丛书名: 金融教材译丛
单 册:
中图分类: F830 , F840
科图分类:
主题词: 金融--经济数学--高等学校--教材 , 保险--经济数学--高等学校--教材 , 金融 , 经济数学 , 保险
电子资源:
ISBN: 978-7-111-26822-2
000 01402oam2 2200373 450
001 523
005 20140909102023.95
010    @a978-7-111-26822-2@dCNY48.00
100    @a20090729d2009 em y0chiy50 ea
101 1  @achi@ceng
102    @aCN@b110000
105    @ay z 000yy
106    @ar
200 1  @a金融与保险精算数学@AJin Rong Yu Bao Xian Jing Suan Shu Xue@dFinancial and actuarial mathematics@f陈伟森,(新加坡)谢耀权著@FChen Wei Sen, ( Xin Jia Po ) Xie Yao Quan Zhu@g庄新田,苑莹译@zeng
210    @a北京@c机械工业出版社@d2009
215    @a276页@d26cm
225 2  @a金融教材译丛
306    @a和美国麦格劳-希尔教育(亚洲)出版公司合作出版
330    @a本书涵盖了利率数学、寿险数学及损失模型等内容,金融数学部分涵盖了利率数学的直观推理以及它们在金融风险管理中的应用;精算数学部分介绍了如何分析保险产品中由于寿险精算和随机损失而产生的风险。
461  0 @12001 @a金融教材译丛
510 1  @aFinancial and actuarial mathematics@zeng
606 0  @a金融@x经济数学@x高等学校@j教材
606 0  @a保险@x经济数学@x高等学校@j教材
606 0  @a金融
606 0  @a经济数学
606 0  @a保险
690    @aF830@v5
690    @aF840@v5
701  0 @a陈伟森@AChen Wei Sen@c(精算师)@4著
701  0 @c(新加坡)@a谢耀权@AXie Yao Quan@4著
702  0 @a庄新田@AZhuang Xin Tian@4译
702  0 @a苑莹@AYuan Ying@4译
801  0 @aCN@bTANGWEI@c20140603
905    @b0841319-21@dF830@e224@f3
    
    金融与保险精算数学=Financial and actuarial mathematics/陈伟森,(新加坡)谢耀权著/庄新田,苑莹译.-北京:机械工业出版社,2009
    276页;26cm.-(金融教材译丛)
    
    
    ISBN 978-7-111-26822-2:CNY48.00
    本书涵盖了利率数学、寿险数学及损失模型等内容,金融数学部分涵盖了利率数学的直观推理以及它们在金融风险管理中的应用;精算数学部分介绍了如何分析保险产品中由于寿险精算和随机损失而产生的风险。
●
相关链接 在E读中查询图书 在五车中查询图书 在当当中查询图书 在豆瓣中查询图书


正题名:金融与保险精算数学     索取号:F830/224         预约/预借

序号 登录号 条形码 馆藏地/架位号 状态 备注
1 0841319   208413199   第一样本阅览室/ [索取号:F830/224] 在馆    
2 0841320   208413206   第一借阅区/ [索取号:F830/224] 在馆    
3 0841321   208413215   密集书库-海洋学院/ [索取号:F830/224] 在馆    
唐山师范学院图书馆 欢迎您!
大连网信软件有限公司© 版权所有